| 000 | 00482nam a22001697a 4500 | ||
|---|---|---|---|
| 020 | _a0132201461 | ||
| 082 |
_a620.1 _bJAN _cL-39, P-105 |
||
| 100 |
_aJansson, Per-Ake _940652 |
||
| 245 |
_aEngineering mechanics _bStatics Vol-1 _cJansson, Per-Ake |
||
| 250 | _a1st ed. | ||
| 260 |
_aNew York, London _bPrentice Hall _c1995 |
||
| 300 |
_ax, 255 p. _bill. _c22 cm. |
||
| 526 |
_a0 _b0 _c0 _d620_100000000000000_JAN |
||
| 650 |
_aMCE _9379 |
||
| 650 |
_aStatics _91020 |
||
| 942 |
_2ddc _cBK |
||
| 999 |
_c544906 _d544906 |
||